Ngữ pháp tiếng Trung thông dụng

Na minha lista:
Detalhes bibliográficos
Autor principal: Mã, Chân
Formato: Livro
Idioma:Chinese
Publicado em: Hà Nội Đại học Quốc gia Hà Nội 2017
Assuntos:
Tags: Adicionar Tag
Sem tags, seja o primeiro a adicionar uma tag!
Thư viện lưu trữ: Trung tâm Học liệu Lê Vũ Hùng, Trường Đại học Đồng Tháp
LEADER 00764aam a22002298a 4500
001 00040725
005 20180117140130.0
008 150513s2013 ||||||chisd
020 # # |a 978 604 62 7181 9  |c 139000 
041 0 # |a chi-vie 
082 1 4 |a 495.1  |b NG550PH 
100 1 # |a Mã, Chân 
245 1 0 |a Ngữ pháp tiếng Trung thông dụng  |c Mã Chân; Hương Lan (dịch) 
260 # # |a Hà Nội  |b Đại học Quốc gia Hà Nội  |c 2017 
300 # # |c 24 cm  |a 335 tr. 
653 # # |a Hán Ngữ 
653 # # |a Ngôn ngữ 
653 # # |a Ngữ pháp 
653 # # |a Tiếng Hoa 
852 # # |j KM.0024061  |j KD.0023237  |j KM.0026490 
910 |d 17/01/2018 
980 # # |a Trung tâm Học liệu Lê Vũ Hùng, Trường Đại học Đồng Tháp